Modernizácia pretláčacieho stroja rak 3831 : Bakalárska práca

Saved in:
Bibliographic Details
Main Author: Čech, Peter (Author)
Other Authors: Mikulíček, Miroslav (xxx)
Format: Manuscript Book
Language:Slovak
Published: Trnava : STU v Bratislave MtF KTZS, 2005
Subjects:
Tags: Add Tag
No Tags, Be the first to tag this record!

MARC

LEADER 00000ntm a22000003a 4500
001 stu95882
005 20160719155307.4
008 051004s2005----xo------------------slo-d
040 |a STU  |b slo 
041 0 |a slo 
044 |a xo 
100 1 |a Čech, Peter  |4 aut 
245 1 |a Modernizácia pretláčacieho stroja rak 3831 :  |b Bakalárska práca 
260 |a Trnava :  |b STU v Bratislave MtF KTZS,  |c 2005 
300 |a 51 s  |c príl., 1 CD 
650 7 |a technologické zariadenia a systémy  |2 stusub 
650 7 |a pretláčacie stroje  |2 stusub 
700 1 |a Mikulíček, Miroslav  |4 xxx 
996 |b 284M062881  |c M*BP-1203  |l MMSKP  |s P  |a 0  |w stu95882_0001